000 00430ntaaa2200181 4500
003 01
005 20251027202407.0
008 0714s1973 ag 01
040 _aAR-BaBN
_bspa
_cAR-BaBN
_eaacr
_dRIC
082 _a284.0000 R16
100 _aRouth, E.C.
_94680
245 _aWho are they?
250 _a1 ed.
260 _aShawnee, Okla. :
_bO.B.U. Press,
_cc1951
300 _a71 p
650 _aprotestantismo
_9315
942 _cBK
999 _c18828
_d18828